LEADER 00969nam a2200265 a 4500 001 000000167901 003 CaOOAMICUS 005 20180524165519.0 008 180524s1994 it 000 u ita r 020 $a88-452-2402-3* 032 $aLibriCat 040 $aPUL$bita 100 1 $aToaff, Elio.$0(OLS)http://pul/name/108115 245 10$aEssere ebreo / $cElio Toaff, con Alain Elkann . 260 $aMilano :$bBompiani,$c©1994. 300 $a177 p. ; $c23 cm. 650 4$aEbrei.$0(OLS)http://pul/subject/5307 700 1 $aElkann, Alain.$0(OLS)http://pul/name/108114 850 $aPUL 852 $aPUL$W1$xDP1 Fondo Dalla Palma$y117$m3 G 14$j166710$qFondi$B195675$CPULBib$Z2$F195675 $HDal2441 $81 941 1 $a1 996 $6020$a88-452-2402-3*$9(OLS)http://pul/number/164177 996 $6245$aEssere ebreo / $9(OLS)http://pul/title/208038 996 $6260$aMilano :$bBompiani$9(OLS)http://pul/publisher/48240 LEADER 01869nam a2200361 a 4500 001 000000173333 003 CaOOAMICUS 005 20200227111415.0 008 200227s2020 vc u000 u ita r 020 $a978-88-465-1267-3 032 $aLibriCat 040 $aPUL$bita 100 1 $aFiocco, Davide,$csacerdote.$0(OLS)http://pul/name/66064 245 11$a"Spiritalis amoris vinculum" :$btestimonianze di collegialitą episcopale nell'epistolario agostiniano /$cDavide Fiocco. 260 $aCittą del Vaticano :$bLateran University Press,$c©2020. 300 $a889 p. ;$c21 cm. 490 1 $aCorona Lateranensis ;$v97 500 $aIn testa al front: Pontificia Universitas Lateranensis. Facultas Theologiae. 502 $aTesi -- Pontificia Universitas Lateranensis. Facultas Theologiae. 2016. 504 $aBibliografia: p. [831]-863. 600 04$aAugustinus,$cs., vesc. d'Ippona,$d354-430$tEpistulae.$0(OLS)http://pul/subject/40434 650 4$aVescovi.$0(OLS)http://pul/subject/210 650 4$aCollegialitą.$0(OLS)http://pul/subject/200 710 2 $aPontificia Universitą Lateranense.$bFacoltą di Teologia$kTesi.$0(OLS)http://pul/name/81775 830 0$aCorona Lateranensis ;$v97.$0(OLS)http://pul/title/684 850 $aPUL 852 $aPUL$W1$xSL Religione 2$y84$mTheol A5b 97$j197313$qStampati Altre Collocazioni$B202099$CPULBib$Z2$F202099 $H134098 $82 910 $aPontificia Universitą Lateranense.$bFacoltą di sacra teologia.$kTesi$981775 941 1 $a10 996 $6020$a978-88-465-1267-3$9(OLS)http://pul/number/167333 996 $6245$a"Spiritalis amoris vinculum" :$btestimonianze di collegialitą episcopale nell'epistolario agostiniano$9(OLS)http://pul/title/197358 996 $6260$aCittą del Vaticano :$bLateran University Press$9(OLS)http://pul/publisher/74585